Countries With Only A Quiz Stats

Quiz Updated Nov 9, 2014

Challenge
Share
Tweet
Embed
Score 0/11 Timer 02:00
0 Plays Today
Country % Correct
Canada
79.3%
Japan
73.1%
Panama
57.9%
Chad
55%
Ghana
50.5%
Bahamas
42.6%
Qatar
41.6%
Malta
40.3%
Madagascar
35.3%
Kazakhstan
34.9%
Rwanda
32.3%

You're not logged in!

Compare scores with friends on all Sporcle quizzes.
Sign Up with Email
OR
Log In

You Might Also Like...

Show Comments

Extras

Top Quizzes Today


Score Distribution

Your Account Isn't Verified!

In order to create a playlist on Sporcle, you need to verify the email address you used during registration. Go to your Sporcle Settings to finish the process.